<The> Future of Asia - Pacific Economies <A> View from Europe

Salvato in:
Dettagli Bibliografici
Autore principale: Hiemenz, Ulrich
Natura: Libro
Lingua:inglese
Pubblicazione: Kiel Institut für Weltwirtschaft 1991
Edizione:1. ed.
Serie:Working Paper No.460
Tags: Aggiungi Tag
Nessun Tag, puoi essere il primo ad aggiungerne!!

MARC

LEADER 00000nam a2200000 4500
001 c034858
005 20221214093651.5
041 0 |a eng 
044 |a DE 
245 1 0 |a <The> Future of Asia - Pacific Economies  |b <A> View from Europe  |c Ulrich Hiemenz 
250 |a 1. ed. 
264 1 |a Kiel  |b Institut für Weltwirtschaft  |c 1991 
300 |a 30 s. 
490 1 |a Working Paper  |v No.460 
830 0 |a Working Paper  |v No.460 
100 1 |a Hiemenz, Ulrich